00477nam a2200169 4500020001500000041000800015082001500023100001900038245003100057260004200088300001400130490003400144650001400178942000700192952009100199999001700290 a0070737932 aENG00a200.1bSMA1 aSmart, Ninian,14aThe phenomenon of religion a[New York]bHerder and Herderc[1973] av, 157 p.0 aPhilosophy of religion series 0aReligion. cBK 00104070aHMIbHMIcGENd2019-10-04l0o200.1 SMAp25607r2019-10-04w2026-01-16yBK c22724d22724